Are the users of adjudication getting a raw deal? (Record no. 82994)

MARC details
000 -LEADER
fixed length control field 00912cab a22001935a 4500
001 - CONTROL NUMBER
control field L152537
008 - FIXED-LENGTH DATA ELEMENTS--GENERAL INFORMATION
fixed length control field 110325s2011 xxk f 000 0 eng d
035 ## - SYSTEM CONTROL NUMBER
System control number (Sirsi) u152537
041 0# - LANGUAGE CODE
Language code of text/sound track or separate title eng
100 1# - MAIN ENTRY--PERSONAL NAME
Personal name Wakefield, Cliff
245 00 - TITLE STATEMENT
Title Are the users of adjudication getting a raw deal?
260 ## - PUBLICATION, DISTRIBUTION, ETC.
Date of publication, distribution, etc. 2011
490 #0 - SERIES STATEMENT
Series statement Construction Law Journal
Volume/sequential designation 27(2) 2011, 103-116(14)
520 ## - SUMMARY, ETC.
Summary, etc. A surge in the use of adjudication is expected during 2011 as companies seek to maximise the recovery of as much money as possible from their claims; examines the significant drop in demand for adjudicators since early 2010 experienced by RICS and Adjudicator Nominating Bodies (ANBs); construction disputes.
590 ## - LOCAL NOTE (RLIN)
Local note KA
651 #4 - SUBJECT ADDED ENTRY--GEOGRAPHIC NAME
Geographic name United Kingdom
Chronological subdivision
690 ## - LOCAL SUBJECT ADDED ENTRY--TOPICAL TERM (OCLC, RLIN)
Topical term or geographic name as entry element MANAGEMENT-DISPUTE AVOIDANCE, MANAGEMENT AND RESOLUTION-DISPUTE MANAGEMENT AND RESOLUTION-ALTERNATIVE DISPUTE RESOLUTION-ADJUDICATION
942 ## - ADDED ENTRY ELEMENTS (KOHA)
Suppress in OPAC 0
Holdings
Withdrawn status Lost status Source of classification or shelving scheme Damaged status Not for loan Home library Current library Shelving location Date acquired Total Checkouts Full call number Barcode Date last seen Copy number Price effective from Koha item type
    Dewey Decimal Classification     London London Journal article 25/03/2011   L152537 152537-1001 06/08/2019 1 06/08/2019 Journal article